000
00318 a2200157 4500
001
58734
020
_a
8526240749
040
_c
Anchieta - Pituba
100
_a
Schmidt, Dora
240
1
0
_a
Históriar
_l
por
245
1
0
_a
Históriar
300
_a
240
362
0
_a
2002
650
4
_a
História do mundo
942
_c
BK
999
_c
58734
_d
58734